SPECC : Specification language and methodology

Salvato in:
Dettagli Bibliografici
Autore principale: Gajski, Daniel D (Autore)
Natura: Libro
Lingua:inglese
Pubblicazione: Boston : Kluwer Academic Publishers, 2000
Soggetti:
Tags: Aggiungi Tag
Nessun Tag, puoi essere il primo ad aggiungerne!!

MARC

LEADER 00000nam a22000003a 4500
001 stu54864
005 20150617225659.8
008 000823s2000----xxu-----------------eng-d
020 |a 0-7923-7822-9 
040 |a STU  |b slo 
041 0 |a eng 
044 |a xxu 
080 |a 681.32.06 SPECC 
080 |a 519.682.5 
080 |a 681.32.02  |7 stu_us_auth*stu8293 
084 |a C5520  |2 INS 
084 |a C6140D  |2 INS 
084 |a C6110F  |2 INS 
100 1 |a Gajski, Daniel D  |4 aut 
245 1 |a SPECC : Specification language and methodology 
260 |a Boston :  |b Kluwer Academic Publishers,  |c 2000 
300 |a 313 s 
650 7 |a navrhovanie počítačových systémov  |2 stusub 
650 7 |a architektúra počítačov  |2 stusub 
650 7 |a programovacie jazyky  |2 stusub 
996 |b 284IK06201  |c I*2HS5350  |l I  |s A  |a 24  |w stu54864_0001